| 000 | 00692nam a22002297a 4500 | ||
|---|---|---|---|
| 003 | DO-SdBNP | ||
| 005 | 20220531084017.0 | ||
| 007 | ta | ||
| 008 | 210602e2013 dr ||||er|||| 001 0 spa d | ||
| 040 |
_aDO-SdBNP _bspa _cBNPHU |
||
| 082 | 4 |
_aBNPHU _bC566p |
|
| 100 | 1 |
_aMiguel Ángel Ciarruiz _978720 |
|
| 245 | 1 | 3 |
_aPor qué creemos lo que creemos : _bcatequesis sobre el Credo y el Concilio Vaticano II _cMiguel Ángel Ciarruiz |
| 250 | _a2da. ed. | ||
| 260 |
_aSanto Domingo : _bediciones MS, _c2013. |
||
| 300 |
_a285 p. ; _c22 cm. |
||
| 490 | _aRecursos Patorales | ||
| 590 | _aInventariado, 2013/LP | ||
| 830 | 0 |
_aRecursos Patorales _978721 |
|
| 910 | _aLopérez | ||
| 942 |
_2ddc _cLBS1 |
||
| 999 |
_c49866 _d49866 |
||